Statistics for Amerikanske Stater Quiz

Click here to take the quiz!

General Stats

  • This quiz has been taken 1 174 times
  • The average score is 27 of 50

Answers on the Map

Answers color-coded by a green-red scale on the quiz's map according to % correct below.
Loading ...
 

Answer Stats

State% Correct
California
93%
Texas
90%
Florida
90%
New York
90%
Alaska
84%
Washington
83%
Hawaii
78%
Alabama
75%
New Mexico
69%
Nevada
68%
Arizona
66%
Ohio
66%
Maine
65%
Idaho
64%
Mississippi
64%
Utah
59%
Montana
59%
Oregon
58%
Kansas
56%
Georgia
56%
Colorado
56%
New Jersey
56%
Illinois
53%
Arkansas
52%
Michigan
52%
Virginia
50%
Minnesota
50%
Indiana
49%
Louisiana
47%
Tennessee
47%
Kentucky
46%
Wyoming
46%
Maryland
46%
Nebraska
46%
Pennsylvania
45%
Iowa
43%
Oklahoma
43%
Delaware
42%
Wisconsin
42%
New Hampshire
41%
Rhode Island
40%
Vermont
40%
Missouri
37%
Connecticut
34%
Massachusetts
32%
Nord-Carolina
32%
Nord-Dakota
32%
Sør-Carolina
29%
Sør-Dakota
29%
Vest-Virginia
27%

Score Distribution

Percentile by Number Answered

Percent of People with Each Score

Your Score History

You have not taken this quiz